| 000 | 00578nam a2200241Ia 4500 | ||
|---|---|---|---|
| 003 | OSt | ||
| 005 | 20221005130742.0 | ||
| 006 | a|||||r|||| 00| 0 | ||
| 007 | ta | ||
| 008 | 221004b |||||||| |||| 00| 0 tam d | ||
| 024 | _a52463 | ||
| 037 | _cTextual | ||
| 040 |
_aCRL _cCRL _btam |
||
| 041 |
_2tam _atam |
||
| 082 | _aY.2, 31M3 | ||
| 100 |
_aPeriyar Evera _9638609 |
||
| 245 | 0 | _aSamatharmam samaipom | |
| 260 | _c1983 | ||
| 300 |
_a121p. _ccm. |
||
| 650 | _aSOCIOLOGY | ||
| 942 |
_hY.2, 31M3 _cTEXL _2cc |
||
| 999 |
_c1058295 _d1058295 |
||